000
00285nam a22001337a 4500
999
_c
533824
_d
533824
020
_a
1861590423
040
_c
MSOHAIL
082
_a
823.94
100
_a
Katy Hayes
_9
27825
245
_a
Gossip
260
_a
London
_b
Orion Publishing;
_c
c2000
300
_a
281;pxv
942
_2
ddc
_c
BK